La vida de la Academia de la Historia (1925-1926) / (Record no. 56507)

MARC details
000 -LEADER
campo de control de longitud fija 01124nam a2200253 i 4500
001 - NÚMERO DE CONTROL
campo de control 56507
003 - IDENTIFICADOR DE NÚMERO DE CONTROL
campo de control ES-MaACL
005 - FECHA Y HORA DE LA ÚLTIMA TRANSACCIÓN
campo de control 20230906163403.0
007 - CAMPO FIJO DE DESCRIPCIÓN FÍSICA--INFORMACIÓN GENERAL
campo de control de longitud fija t|
008 - DATOS DE LONGITUD FIJA--INFORMACIÓN GENERAL
campo de control de longitud fija 031009s1926 cu |||| |dspa d
100 1# - ENTRADA PRINCIPAL--NOMBRE DE PERSONA
Nombre de persona Dihigo y Mestre, Juan Miguel.
9 (RLIN) 44805
245 13 - MENCIÓN DEL TÍTULO
Título La vida de la Academia de la Historia (1925-1926) /
Mención de responsabilidad, etc. memoria leída por el secretario Juan Miguel Dihigo y Mestre, y Adolfo Bonilla y San Martín, Carlos A. Villanueva, y Emilio Bacardí y Moreau
Resto del título ; Discursos [necrológicos] leídos por Salvador Salazar y Roig, Francisco de P. Coronado y Tomás Jústiz y del Valle.
260 ## - PUBLICACIÓN, DISTRIBUCIÓN, ETC.
Lugar de publicación, distribución, etc. La Habana :
Nombre del editor, distribuidor, etc. [s.n.,
Fecha de publicación, distribución, etc. 1926] (
Fabricante Imp. El Siglo XX)
300 ## - DESCRIPCIÓN FÍSICA
Extensión 110 p. ;
Dimensiones 21 cm.
610 24 - PUNTO DE ACCESO ADICIONAL DE MATERIA--NOMBRE DE ENTIDAD CORPORATIVA
Nombre de entidad corporativa o nombre de jurisdicción como elemento de entrada Academia de la Historia de Cuba-
Subdivisión de forma Memorias.
9 (RLIN) 158598
700 1# - ENTRADA AGREGADA--NOMBRE PERSONAL
Nombre de persona Bonilla y San Martín, Adolfo,
Fechas asociadas al nombre 1875-1926
9 (RLIN) 30193
700 1# - ENTRADA AGREGADA--NOMBRE PERSONAL
Nombre de persona Villanueva, Carlos A.
9 (RLIN) 115017
700 1# - ENTRADA AGREGADA--NOMBRE PERSONAL
Nombre de persona Bacardi, Emilio.
9 (RLIN) 24436
700 1# - ENTRADA AGREGADA--NOMBRE PERSONAL
Nombre de persona Salazar y Roig, Salvador.
9 (RLIN) 101835
700 1# - ENTRADA AGREGADA--NOMBRE PERSONAL
Nombre de persona Coronado, Francisco de Paula.
9 (RLIN) 40680
700 1# - ENTRADA AGREGADA--NOMBRE PERSONAL
Nombre de persona Justiz y del Valle, Tomás.
9 (RLIN) 67360
852 ## - LOCALIZACIÓN
Ubicación ES-MaACL
Número de control de estantería 1707-F-16
Holdings
Estatus retirado Estado de pérdida Estado de daño No para préstamo Colección Biblioteca de origen Biblioteca actual Ubicación en estantería Fecha de adquisición Fuente de adquisición Total de préstamos Signatura topográfica completa Código de barras Visto por última vez Precio de reemplazo Tipo de ítem Koha
        Colección de folletos Biblioteca del Ateneo de Madrid Biblioteca del Ateneo de Madrid Depósito folletos 17/01/2008     1707-F-16 1059345 23/02/2023 23/02/2023 Folleto